[Event "Open Marianske Lazne 2018 - A + B"]
[Site "?"]
[Date "2018.01.20"]
[Round "1"]
[White "Jurek, Josef"]
[Black "Nitish, Belurkar"]
[Result "1-0"]
[WhiteElo "2260"]
[BlackElo "2270"]
[PlyCount "111"]
[EventDate "2018.??.??"]

1. Nf3 Nf6 2. c4 c6 3. d4 d5 4. cxd5 cxd5 5. Nc3 Nc6 6. Bf4 e6 7. e3 Bd6 8.
Bxd6 Qxd6 9. Bd3 O-O 10. O-O b6 11. Qe2 Bb7 12. Rfc1 Rad8 13. h3 Rfe8 14. Bb5
Re7 15. Bxc6 Bxc6 16. Ne5 Rc7 17. Nxc6 Qxc6 18. Qd3 Rdc8 19. Ne2 Qa4 20. Rxc7
Rxc7 21. Rc1 Rxc1+ 22. Nxc1 Ne4 23. f3 Nd6 24. Kf2 h6 25. Ke2 Qc6 26. Qc3 Qa4
27. b3 Qa3 28. Kd2 Nf5 29. Qc8+ Kh7 30. Qc2 Qd6 31. g4 Qh2+ 32. Ne2 Qxh3 33.
gxf5 exf5 34. f4 h5 35. Qc7 f6 36. Qd7 Qg2 37. Qxf5+ Kh6 38. Qc8 Kh7 39. Qf5+
Kh6 40. Qc8 Kh7 41. Qc1 h4 42. Qg1 Qf3 43. Qh2 g5 44. fxg5 fxg5 45. Ng1 Qf5 46.
Qh3 Qb1 47. Nf3 Qxa2+ 48. Ke1 Qb1+ 49. Ke2 Qc2+ 50. Nd2 Qg6 51. Qd7+ Kh6 52.
Qxd5 h3 53. Kf2 Qc2 54. Qe6+ Kg7 55. Ke2 h2 56. Qe5+ 1-0

[Event "Open Marianske Lazne 2018 - A + B"]
[Site "?"]
[Date "2018.01.20"]
[Round "1"]
[White "Frolov, Artur"]
[Black "Sivakumar, Ashvin"]
[Result "1-0"]
[WhiteElo "2407"]
[BlackElo "2208"]
[PlyCount "59"]
[EventDate "2018.??.??"]

1. d4 Nf6 2. Nf3 e6 3. g3 b5 4. Bg2 Bb7 5. O-O Be7 6. c3 O-O 7. Qb3 a6 8. a4
Bd5 9. Qc2 d6 10. Nbd2 Nbd7 11. e4 Bb7 12. Re1 e5 13. b3 Re8 14. Bb2 c6 15. c4
Bf8 16. Bc3 Qc7 17. Rac1 Rac8 18. b4 exd4 19. Bxd4 bxa4 20. c5 a5 21. Nc4 Rxe4
22. Rxe4 Nxe4 23. Qxe4 d5 24. Qc2 dxc4 25. Ng5 g6 26. Qxc4 Nb8 27. Ba1 Qe7 28.
Qc3 f6 29. Re1 Qg7 30. Qc4+ 1-0

[Event "Open Marianske Lazne 2018 - A + B"]
[Site "?"]
[Date "2018.01.20"]
[Round "1"]
[White "Pisk, Petr"]
[Black "Chkhaidze, Nikoloz"]
[Result "1/2-1/2"]
[WhiteElo "2333"]
[BlackElo "2306"]
[PlyCount "130"]
[EventDate "2018.??.??"]

1. e4 e5 2. Nf3 Nc6 3. Bb5 Nf6 4. O-O Nxe4 5. Qe2 Nd6 6. Bxc6 dxc6 7. Qxe5+ Be6
8. Nd4 Nc4 9. Qe4 Qd5 10. Re1 O-O-O 11. Nxe6 Re8 12. Nc3 Qxe6 13. Qxe6+ Rxe6
14. Rxe6 fxe6 15. Ne4 b6 16. Kf1 g6 17. d3 Nd6 18. Bf4 Bg7 19. c3 Kd7 20. Re1
Nxe4 21. Rxe4 Rf8 22. g4 b5 23. Kg2 Rb8 24. Be3 a5 25. Rf4 Rf8 26. Rxf8 Bxf8
27. Kf3 a4 28. c4 Bg7 29. b3 axb3 30. axb3 Kd6 31. Ke4 Kd7 32. Bf4 Bf8 33. h3
Bc5 34. f3 Bb6 35. Ke5 Ke7 36. Bg5+ Kf7 37. Bd8 Ba5 38. Ke4 Ke8 39. Bf6 Kf7 40.
Be5 Ke7 41. Kd4 Kd7 42. Ke4 bxc4 43. bxc4 Ke7 44. f4 Kf7 45. Kf3 Ke7 46. Ke2
Kd7 47. Kf3 Ke7 48. Ke4 Kf7 49. d4 Ke7 50. Kd3 Kd7 51. Ke4 Ke7 52. Bg7 Kf7 53.
Bh6 Ke7 54. h4 Kf7 55. h5 gxh5 56. gxh5 Ke7 57. Bg7 Kf7 58. Be5 Ke7 59. Kf3 Kf7
60. Kg4 Bc3 61. Kg5 Ba5 62. Kh6 Kg8 63. Kg5 Kf7 64. Kh6 Kg8 65. Kg5 Kf7 1/2-1/2

[Event "Open Marianske Lazne 2018 - A + B"]
[Site "?"]
[Date "2018.01.20"]
[Round "1"]
[White "Vulfson, Vladimir"]
[Black "Narendran, Gouthaman"]
[Result "1/2-1/2"]
[WhiteElo "2401"]
[BlackElo "2106"]
[PlyCount "58"]
[EventDate "2018.??.??"]

1. e4 c5 2. Nf3 d6 3. d4 cxd4 4. Nxd4 Nf6 5. f3 a6 6. c4 e6 7. Nc3 Be7 8. Be3
Qc7 9. Be2 b6 10. O-O Bb7 11. Rc1 Nbd7 12. b4 O-O 13. Rf2 Rac8 14. Bf1 Rfe8 15.
Rd2 Qb8 16. a3 Bd8 17. Nb3 Bc7 18. Bf4 Ne5 19. Bxe5 dxe5 20. c5 bxc5 21. Nxc5
Qa7 22. Kh1 h6 23. N3a4 a5 24. b5 Bb6 25. Nxb6 Qxb6 26. Rd6 Qa7 27. b6 Qb8 28.
Bb5 Rf8 29. Rc4 Bd5 1/2-1/2

[Event "Open Marianske Lazne 2018 - A + B"]
[Site "Marianske Lazne (CZE)"]
[Date "2018.01.20"]
[Round "1"]
[White "Solozhenkina, Elizaveta"]
[Black "Hoefelsauer, Thomas"]
[Result "0-1"]
[WhiteElo "2190"]
[BlackElo "2356"]
[PlyCount "168"]
[EventDate "2018.01.20"]

1. e4 c6 2. d4 d5 3. Nc3 dxe4 4. Nxe4 Bf5 5. Ng3 Bg6 6. h4 h6 7. Nf3 Nd7 8. h5
Bh7 9. Bd3 Bxd3 10. Qxd3 e6 11. Bd2 Ngf6 12. O-O-O Be7 13. Kb1 Qb6 14. Rhe1 O-O
15. Nf5 exf5 16. Rxe7 Qd8 17. Qa3 Nd5 18. Re2 N7f6 19. Nh4 Re8 20. Rxe8+ Qxe8
21. Qf3 Qe4 22. Nxf5 Qxf3 23. gxf3 Nxh5 24. Rg1 Kh7 25. Nd6 b6 26. c4 Ndf4 27.
Nxf7 Ne2 28. Rg4 Nf6 29. Rh4 Re8 30. Be3 Kg8 31. Nd6 Rd8 32. Nf5 Kf7 33. f4 h5
34. Rh2 g6 35. f3 gxf5 36. Rxe2 Rg8 37. Kc2 Rg3 38. Rf2 h4 39. Kd2 Rh3 40. Ke2
Nh5 41. Kf1 Rh1+ 42. Kg2 Re1 43. Bd2 Rb1 44. b3 Ng3 45. Bb4 Ke6 46. Bf8 Rc1 47.
Bg7 a6 48. Be5 b5 49. cxb5 cxb5 50. Rd2 Kd5 51. Bf6 Re1 52. Kh3 Rh1+ 53. Kg2
Re1 54. Kf2 Rh1 55. Kg2 Re1 56. Bxh4 Re2+ 57. Rxe2 Nxe2 58. a4 Nxd4 59. axb5
axb5 60. b4 Nc6 61. Kf2 Nxb4 62. Ke3 Kc4 63. Kd2 Nd3 64. Bg5 b4 65. Kc2 Ne1+
66. Kb2 Nxf3 67. Be7 Nd4 68. Bd6 Nb5 69. Bb8 Nc3 70. Be5 Nd5 71. Bb8 Nb6 72.
Bc7 Na4+ 73. Kc2 b3+ 74. Kb1 Kd3 75. Bb8 Kc3 76. Be5+ Kb4 77. Bb8 b2 78. Kc2
Ka3 79. Be5 Ka2 80. Bxb2 Nxb2 81. Kc3 Nd1+ 82. Kd4 Kb3 83. Ke5 Ne3 84. Kd4 Ng4
0-1

[Event "Open Marianske Lazne 2018 - A + B"]
[Site "Marianske Lazne (CZE)"]
[Date "2018.01.20"]
[Round "1"]
[White "Voinikonis, Nikita"]
[Black "Heimrath, Reiner"]
[Result "1/2-1/2"]
[WhiteElo "2218"]
[BlackElo "2260"]
[PlyCount "79"]
[EventDate "2018.01.20"]

1. e4 e5 2. Nf3 Nc6 3. Bb5 Nge7 4. d4 exd4 5. Nxd4 Nxd4 6. Qxd4 Nc6 7. Bxc6
dxc6 8. Qc3 Qd6 9. O-O Be6 10. Be3 Qb4 11. Qxb4 Bxb4 12. Rd1 f6 13. Nc3 Bxc3
14. bxc3 Rd8 15. Rxd8+ Kxd8 16. a3 b6 17. f3 Re8 18. Kf2 c5 19. Rd1+ Kc8 20. g4
Kb7 21. Bf4 Kc6 22. h4 b5 23. h5 Bf7 24. h6 g6 25. g5 f5 26. exf5 gxf5 27. Re1
Rxe1 28. Kxe1 a5 29. Kd1 a4 30. Be5 Kd7 31. Kc1 c6 32. Kb2 Ke6 33. f4 Kd5 34.
Bc7 Ke4 35. Bd6 c4 36. Bb8 Ke3 37. Bc7 c5 38. Bd6 Be8 39. Be5 Bh5 40. Bd6
1/2-1/2

[Event "Open Marianske Lazne 2018 - A + B"]
[Site "Marianske Lazne (CZE)"]
[Date "2018.01.20"]
[Round "1"]
[White "Makarian, Rudik"]
[Black "Lukasiewicz, Krzysztof"]
[Result "0-1"]
[WhiteElo "2138"]
[BlackElo "2218"]
[PlyCount "86"]
[EventDate "2018.01.20"]

1. d4 Nf6 2. c4 e6 3. Nc3 d5 4. cxd5 exd5 5. Bg5 c6 6. e3 Be7 7. Bd3 Nbd7 8.
Qc2 Nh5 9. Bxe7 Qxe7 10. O-O-O g6 11. Nf3 Ng7 12. Kb1 Nb6 13. h3 Bf5 14. Ne5 f6
15. Bxf5 Nxf5 16. Nd3 Nd6 17. Nc5 Nd7 18. e4 dxe4 19. N3xe4 O-O-O 20. d5 Nxe4
21. Nxe4 c5 22. b4 Kb8 23. Nxc5 Nxc5 24. bxc5 Rc8 25. Rc1 b6 26. c6 Qb4+ 27.
Qb3 Qe4+ 28. Rc2 Rhd8 29. Qc3 Rxd5 30. Re1 Qa4 31. Re7 Qb5+ 32. Kc1 Rc5 33.
Qg3+ Ka8 34. Rc7 Qf1+ 35. Kb2 Qb5+ 36. Kc1 Qf1+ 37. Kb2 Rb5+ 38. Ka3 Ra5+ 39.
Kb2 Rb5+ 40. Ka3 Rxc7 41. Qxc7 Qd3+ 42. Ka4 Ra5+ 43. Kb4 Qd4+ 0-1

[Event "Open Marianske Lazne 2018 - C"]
[Site "Marianske Lazne (CZE)"]
[Date "2018.01.21"]
[Round "2"]
[White "Kolbus, Dietmar"]
[Black "Hoke, Petr"]
[Result "1-0"]
[WhiteElo "2322"]
[BlackElo "1984"]
[PlyCount "57"]
[EventDate "2018.01.20"]

1. c4 d6 2. Nc3 e5 3. g3 Nf6 4. Bg2 g6 5. Nf3 Bg7 6. O-O O-O 7. d4 Nbd7 8. b3
exd4 9. Nxd4 a6 10. Bb2 Rb8 11. Qd2 Nc5 12. Rad1 Re8 13. f3 Ne6 14. Nxe6 Bxe6
15. Qc2 Qc8 16. e4 Nd7 17. f4 f5 18. Rfe1 fxe4 19. Nxe4 Bf5 20. Bxg7 Bxe4 21.
Rxe4 Kxg7 22. Rde1 Rxe4 23. Qxe4 Nb6 24. Qd4+ Kh6 25. Re7 Qf8 26. Rxc7 Nc8 27.
g4 g5 28. fxg5+ Kxg5 29. Rxh7 1-0

[Event "Open Marianske Lazne 2018 - C"]
[Site "Marianske Lazne (CZE)"]
[Date "2018.01.21"]
[Round "2"]
[White "Kalinowska, Zuzanna"]
[Black "Dambrauskas, Virginijus"]
[Result "0-1"]
[WhiteElo "1980"]
[BlackElo "2315"]
[PlyCount "132"]
[EventDate "2018.01.20"]

1. d4 Nf6 2. c4 b6 3. Nf3 Bb7 4. Nc3 e6 5. Bg5 Be7 6. Qc2 c5 7. dxc5 bxc5 8. e3
h6 9. Bh4 O-O 10. h3 d5 11. Be2 d4 12. Rd1 Nc6 13. O-O e5 14. a3 Nd7 15. Bxe7
Nxe7 16. exd4 cxd4 17. Nb5 Qb8 18. c5 Rc8 19. b4 a6 20. Nd6 Qxd6 21. cxd6 Rxc2
22. Bd3 Rc3 23. dxe7 Re8 24. Rfe1 Bxf3 25. gxf3 Rxa3 26. Bf5 Rxe7 27. Rxd4 Nf8
28. Rd3 Ra4 29. Rd6 g6 30. Bc8 Rxb4 31. Bxa6 Kg7 32. Rd5 Kf6 33. Kg2 Ne6 34.
Kg3 Nf4 35. Rd6+ Re6 36. Rxe6+ Kxe6 37. Bc8+ Kf6 38. Rd1 Ne2+ 39. Kg2 Nd4 40.
Rd3 Rb8 41. Rc3 Kg5 42. Ba6 Kf4 43. Re3 f5 44. h4 g5 45. hxg5 Rg8 46. Bb7 Rxg5+
47. Kh2 Rg7 48. Ba8 Rg8 49. Bb7 Rb8 50. Bd5 Rb5 51. Ba8 Rc5 52. Bb7 Ra5 53. Kg2
Ra1 54. Bd5 Rd1 55. Ba8 Nc2 56. Rc3 Ne1+ 57. Kh2 Nd3 58. Rc4+ Kg5 59. Rc2 Rf1
60. Kg2 Ra1 61. Rc8 Ra2 62. Rg8+ Kf4 63. Rh8 Rxf2+ 64. Kg1 Ra2 65. Bd5 Ra5 66.
Bc4 Ne1 0-1

[Event "Open Marianske Lazne 2018 - C"]
[Site "Marianske Lazne (CZE)"]
[Date "2018.01.21"]
[Round "2"]
[White "Grela, Kacper"]
[Black "Lau, Ende Matthew"]
[Result "1-0"]
[WhiteElo "2294"]
[BlackElo "1977"]
[PlyCount "61"]
[EventDate "2018.01.20"]

1. d4 Nf6 2. c4 g6 3. Nc3 Bg7 4. e4 d6 5. Be2 O-O 6. Be3 e5 7. d5 a5 8. g4 Na6
9. f3 Nd7 10. Qd2 Ndc5 11. g5 c6 12. O-O-O a4 13. h4 Qa5 14. Kb1 a3 15. b3 Rd8
16. h5 Nb4 17. Nh3 Bd7 18. Nf2 b5 19. dxc6 bxc4 20. Bxc4 Bxc6 21. Ng4 d5 22.
exd5 Bd7 23. Bxc5 Qxc5 24. Ne4 Bf5 25. hxg6 Bxg6 26. Ngf6+ Bxf6 27. gxf6 Qb6
28. Qg5 Rac8 29. Rxh7 Kxh7 30. Rh1+ Kg8 31. Qh6 1-0

[Event "Open Marianske Lazne 2018 - C"]
[Site "Marianske Lazne (CZE)"]
[Date "2018.01.21"]
[Round "2"]
[White "Duzy, Stefan"]
[Black "Neckar, Lubomir"]
[Result "1/2-1/2"]
[WhiteElo "1942"]
[BlackElo "2293"]
[PlyCount "65"]
[EventDate "2018.01.20"]

1. e4 d5 2. exd5 Qxd5 3. Nc3 Qd8 4. d4 Nf6 5. Nf3 Bg4 6. Be2 e6 7. O-O c6 8. h3
Bxf3 9. Bxf3 Bd6 10. Ne2 Nbd7 11. Bf4 Bxf4 12. Nxf4 O-O 13. Re1 Qb6 14. Qd2
Rad8 15. b3 e5 16. dxe5 Nxe5 17. Qc3 Qd4 18. Re3 Rfe8 19. Qxd4 Rxd4 20. Rae1
Nxf3+ 21. gxf3 Rxe3 22. fxe3 Rd2 23. Re2 Rd1+ 24. Kf2 g5 25. Nd3 Nd5 26. Re1
Rxe1 27. Nxe1 f5 28. Nd3 Kf7 29. c4 Nf6 30. Kg3 Nh5+ 31. Kf2 Kf6 32. Nc5 b6 33.
Nd7+ 1/2-1/2

[Event "Open Marianske Lazne 2018 - C"]
[Site "Marianske Lazne (CZE)"]
[Date "2018.01.21"]
[Round "2"]
[White "Certek, Pavel"]
[Black "Danko, Jiri"]
[Result "1-0"]
[WhiteElo "2286"]
[BlackElo "1966"]
[PlyCount "59"]
[EventDate "2018.01.20"]

1. d4 Nf6 2. Nf3 d5 3. c4 e6 4. Nc3 c6 5. e3 Bd6 6. Bd3 Nbd7 7. O-O O-O 8. e4
dxe4 9. Nxe4 Nxe4 10. Bxe4 f5 11. Bc2 Nf6 12. b3 Bd7 13. Re1 Re8 14. Ne5 Bc8
15. Bb2 Re7 16. Qf3 Qe8 17. Rad1 Nd7 18. Nxc6 bxc6 19. Qxc6 Bxh2+ 20. Kxh2 Qh5+
21. Kg1 Nb6 22. Qd6 Re8 23. Rd3 Qf7 24. Rg3 h6 25. d5 g5 26. Qe5 Kh7 27. Bxf5+
exf5 28. Qxe8 Qxe8 29. Rxe8 f4 30. Rd3 1-0

[Event "Open Marianske Lazne 2018 - C"]
[Site "Marianske Lazne (CZE)"]
[Date "2018.01.21"]
[Round "2"]
[White "Puchovsky, Ladislav"]
[Black "Molnar, Bela"]
[Result "0-1"]
[WhiteElo "1928"]
[BlackElo "2278"]
[PlyCount "104"]
[EventDate "2018.01.20"]

1. d4 Nf6 2. c4 d6 3. Nc3 Nbd7 4. e4 e5 5. d5 Nc5 6. f3 a5 7. Be3 Be7 8. Nge2
Nfd7 9. Qd2 O-O 10. g4 Bh4+ 11. Ng3 Kh8 12. O-O-O g6 13. Kb1 b6 14. Rg1 Nf6 15.
Bg5 Bxg5 16. Qxg5 Nxd5 17. Qh6 Nxc3+ 18. bxc3 f6 19. h4 Qe7 20. Rd2 Be6 21. Rh2
Qf7 22. Qd2 Bxc4 23. Bh3 b5 24. g5 fxg5 25. h5 Qxf3 26. hxg6 Nxe4 27. Nxe4
Qxe4+ 28. Ka1 Qxg6 29. Bg2 d5 30. Rgh1 Rf4 31. Bxd5 Rd8 32. Rxh7+ Qxh7 33.
Rxh7+ Kxh7 34. Be4+ Rxe4 35. Qxd8 Re1+ 36. Kb2 Re2+ 37. Kc1 Kg6 38. Qxc7 a4 39.
a3 Kf5 40. Qd7+ Kf4 41. Qh3 g4 42. Qh6+ Kf3 43. Qh1+ Ke3 44. Qg1+ Kd3 45. Qg3+
Re3 46. Qxg4 Kxc3 47. Qd1 Re2 48. Qg1 Kb3 49. Qg3+ Ka2 50. Qc3 e4 51. Qb4 Bb3
52. Qe7 Rc2+ 0-1

[Event "Open Marianske Lazne 2018 - C"]
[Site "Marianske Lazne (CZE)"]
[Date "2018.01.21"]
[Round "2"]
[White "Volodin, Viktor"]
[Black "Ruffenach, Alain"]
[Result "1-0"]
[WhiteElo "2207"]
[BlackElo "1931"]
[PlyCount "75"]
[EventDate "2018.01.20"]

1. Nf3 g6 2. g3 Bg7 3. Bg2 d6 4. d4 Nf6 5. c4 c6 6. O-O O-O 7. Nc3 Qc7 8. h3
Nbd7 9. e4 e5 10. Re1 h6 11. Be3 Kh7 12. Qc2 b6 13. Rad1 Bb7 14. b4 exd4 15.
Nxd4 Rae8 16. f4 a6 17. Nb3 c5 18. Nd5 Qb8 19. bxc5 dxc5 20. e5 Ng8 21. Bf2 Re6
22. h4 f5 23. h5 g5 24. Bh3 Nxe5 25. Bxf5+ Kh8 26. Bxe6 Nf3+ 27. Kg2 Nxe1+ 28.
Rxe1 gxf4 29. Qg6 Rf6 30. Qg4 Qd6 31. Kh3 Rf8 32. Nxf4 Nf6 33. Ng6+ Kh7 34.
Nxf8+ Qxf8 35. Qg6+ Kh8 36. Bf5 Bf3 37. Re6 Bxh5 38. Rxf6 1-0

[Event "Open Marianske Lazne 2018 - C"]
[Site "Marianske Lazne (CZE)"]
[Date "2018.01.21"]
[Round "2"]
[White "Brunova, Blanka"]
[Black "Werndl, Erich"]
[Result "1/2-1/2"]
[WhiteElo "1918"]
[BlackElo "2200"]
[PlyCount "91"]
[EventDate "2018.01.20"]

1. e4 e5 2. Nf3 Nc6 3. Bc4 Nf6 4. O-O Nxe4 5. Nc3 Nf6 6. Re1 Be7 7. Nxe5 Nxe5
8. Rxe5 d6 9. Rg5 O-O 10. d4 c6 11. Rg3 Bf5 12. d5 cxd5 13. Nxd5 Nxd5 14. Bxd5
Bf6 15. c3 Be5 16. f4 Bf6 17. Be3 Bh4 18. Qf3 Bxg3 19. hxg3 Qd7 20. Bxb7 Bg4
21. Qd5 Be6 22. Qf3 Bg4 23. Qd5 Rab8 24. Bc6 Qe7 25. Qd2 Rxb2 26. Qxb2 Qxe3+
27. Kh2 Rc8 28. Qb7 Qxc3 29. Bd7 Bxd7 30. Qxd7 Qc7 31. Qxc7 Rxc7 32. Rd1 Rd7
33. Rb1 g6 34. Rb8+ Kg7 35. g4 f6 36. Kg3 Kf7 37. f5 d5 38. Kf3 gxf5 39. gxf5
Ke7 40. Ke3 d4+ 41. Kd3 Kd6 42. Re8 Rg7 43. Kxd4 Rg4+ 44. Ke3 Rxg2 45. Re6+ Kd5
46. Rxf6 1/2-1/2

[Event "Open Marianske Lazne 2018 - C"]
[Site "Marianske Lazne (CZE)"]
[Date "2018.01.21"]
[Round "2"]
[White "Giemsa, Alexander"]
[Black "Domanski, Lukasz"]
[Result "1-0"]
[WhiteElo "1894"]
[BlackElo "2121"]
[PlyCount "59"]
[EventDate "2018.01.20"]

1. e4 Nf6 2. e5 Nd5 3. Bc4 Nb6 4. Bb3 Nc6 5. Nf3 d6 6. exd6 cxd6 7. d4 e6 8.
O-O Na5 9. Re1 Nxb3 10. axb3 Be7 11. c4 O-O 12. Nc3 Bd7 13. d5 e5 14. Be3 Qc7
15. Ng5 h6 16. Nge4 f5 17. Bxb6 Qxb6 18. c5 dxc5 19. d6 Bh4 20. Qd5+ Kh8 21.
Nxc5 Bc6 22. Qc4 Rac8 23. Rxe5 Bf6 24. Rxf5 g6 25. Nd5 Bxd5 26. Rxd5 a6 27. b4
Qc6 28. Qd3 Rce8 29. d7 Rd8 30. Rd6 1-0

[Event "Open Marianske Lazne 2018 - C"]
[Site "Marianske Lazne (CZE)"]
[Date "2018.01.21"]
[Round "2"]
[White "Szalko, Maciej"]
[Black "Laszczak, Przemyslaw"]
[Result "0-1"]
[WhiteElo "1878"]
[BlackElo "2100"]
[PlyCount "72"]
[EventDate "2018.01.20"]

1. d4 d5 2. Nf3 Nf6 3. g3 c6 4. Bg2 h6 5. O-O Bf5 6. Nbd2 e6 7. a4 Bd6 8. Ne5
Bxe5 9. dxe5 Ng4 10. e4 dxe4 11. Nxe4 Qxd1 12. Rxd1 Bxe4 13. Bxe4 Nxe5 14. b4
O-O 15. b5 a6 16. Ba3 Rc8 17. b6 Nc4 18. Bc5 a5 19. f4 Na6 20. Bf2 Rd8 21.
Rxd8+ Rxd8 22. Bd3 Nd6 23. Rd1 Ne4 24. Be3 Nb4 25. Bd2 Nxd2 26. Rxd2 Nxd3 27.
cxd3 Rd4 28. Kf2 Rxa4 29. Ke3 Kf8 30. Rf2 Ke7 31. f5 Rb4 32. fxe6 Kxe6 33. Ra2
a4 34. Ra1 Kd5 35. Rf1 Ke6 36. Ra1 f6 0-1

[Event "Open Marianske Lazne 2018 - C"]
[Site "Marianske Lazne (CZE)"]
[Date "2018.01.21"]
[Round "2"]
[White "Smelykh, Edvin"]
[Black "Hopfgartner, Heinz"]
[Result "1-0"]
[WhiteElo "1820"]
[BlackElo "2082"]
[PlyCount "87"]
[EventDate "2018.01.20"]

1. e4 e6 2. d4 d5 3. Nd2 Nf6 4. e5 Nfd7 5. Bd3 c5 6. c3 Nc6 7. Ne2 cxd4 8. cxd4
f6 9. exf6 Nxf6 10. Nf3 Bd6 11. O-O Qc7 12. Re1 O-O 13. Nc3 a6 14. Bg5 Qf7 15.
Qd2 Qh5 16. Be2 Qf7 17. Bf1 Nh5 18. a3 Qc7 19. Qd3 Bd7 20. Ne2 Nf4 21. Nxf4
Bxf4 22. Bxf4 Qxf4 23. Rac1 Rf6 24. Rc2 Raf8 25. Ne5 Nxe5 26. Rxe5 Rc8 27.
Rxc8+ Bxc8 28. Qe3 Bd7 29. g3 Qxe3 30. Rxe3 Kf7 31. Rb3 Bc6 32. Rb6 Rf3 33. Be2
Rf5 34. Bxa6 bxa6 35. Rxc6 e5 36. Rxa6 exd4 37. Ra4 Ke6 38. Rxd4 Rf3 39. Kf1
Rb3 40. Rd2 Kd6 41. Ke2 g5 42. Kd1 Kc5 43. Kc2 Kc4 44. Rxd5 1-0

[Event "Open Marianske Lazne 2018 - C"]
[Site "Marianske Lazne (CZE)"]
[Date "2018.01.21"]
[Round "2"]
[White "Choroszej, Aleksander"]
[Black "Sipek, Oldrich Jr"]
[Result "1-0"]
[WhiteElo "2073"]
[BlackElo "1890"]
[PlyCount "37"]
[EventDate "2018.01.20"]

1. d4 d5 2. c4 e6 3. Nc3 Nf6 4. Nf3 c6 5. e3 Bd6 6. Qc2 Na6 7. c5 Bb8 8. Bxa6
bxa6 9. b4 O-O 10. O-O Qc7 11. a4 Ng4 12. g3 e5 13. e4 exd4 14. Nxd4 Qe5 15.
Nxc6 Qf6 16. Nxd5 Qxa1 17. Bb2 Qa2 18. Nce7+ Kh8 19. Bxg7+ 1-0

[Event "Open Marianske Lazne 2018 - D"]
[Site "Marianske Lazne (CZE)"]
[Date "2018.01.21"]
[Round "2"]
[White "Baum, Bernd"]
[Black "Husak, Antonin"]
[Result "1-0"]
[WhiteElo "2314"]
[BlackElo "1879"]
[PlyCount "91"]
[EventDate "2018.01.20"]

1. c4 Nf6 2. g3 g6 3. Bg2 Bg7 4. Nc3 d6 5. d3 c6 6. e4 Nbd7 7. Nge2 h6 8. h3
O-O 9. Be3 Kh7 10. Qd2 Ng8 11. O-O e6 12. d4 e5 13. Rad1 Qe7 14. f4 exf4 15.
Bxf4 Ndf6 16. Rde1 g5 17. Be3 Be6 18. b3 Rad8 19. g4 Qc7 20. Ng3 Ne8 21. Nh5 f6
22. Qd3 Kh8 23. Rf2 Bf7 24. Ng3 Bg6 25. Nf5 Bxf5 26. exf5 Qf7 27. b4 Nc7 28. d5
cxd5 29. Nxd5 Rfe8 30. Rfe2 b6 31. a4 Qd7 32. a5 Nxd5 33. Bxd5 bxa5 34. bxa5
Ne7 35. Bf2 Nxd5 36. Rxe8+ Rxe8 37. Rxe8+ Qxe8 38. Qxd5 Qb8 39. a6 Qb1+ 40. Kg2
Qa2 41. Qa8+ Kh7 42. Qxa7 Qxc4 43. Qb7 d5 44. a7 Qe4+ 45. Kg1 h5 46. a8=Q 1-0

[Event "Open Marianske Lazne 2018 - D"]
[Site "Marianske Lazne (CZE)"]
[Date "2018.01.21"]
[Round "2"]
[White "Paldus, Petr"]
[Black "Stigar, Petter"]
[Result "1/2-1/2"]
[WhiteElo "1943"]
[BlackElo "2211"]
[PlyCount "33"]
[EventDate "2018.01.20"]

1. e4 c5 2. b3 g6 3. Bb2 Nf6 4. Nc3 Bg7 5. e5 Nh5 6. g4 Nf4 7. Nge2 Nxe2 8.
Qxe2 Nc6 9. Nd5 O-O 10. O-O-O d6 11. exd6 Bxb2+ 12. Kxb2 Qxd6 13. Bg2 Be6 14.
Nc3 Rad8 15. Bxc6 Qxc6 16. f4 Rd4 17. Rhf1 1/2-1/2

[Event "Open Marianske Lazne 2018 - D"]
[Site "Marianske Lazne (CZE)"]
[Date "2018.01.21"]
[Round "2"]
[White "Kozak, Milos"]
[Black "Aird, Ian"]
[Result "1/2-1/2"]
[WhiteElo "2111"]
[BlackElo "1857"]
[PlyCount "44"]
[EventDate "2018.01.20"]

1. Nf3 d5 2. d4 Nf6 3. c4 e6 4. g3 Bb4+ 5. Bd2 Be7 6. Bg2 O-O 7. O-O Nbd7 8.
Qc2 c6 9. Bf4 b6 10. Nc3 dxc4 11. Nd2 Nd5 12. Nxc4 Nxf4 13. gxf4 Bb7 14. e3 Qc7
15. Rfd1 Rac8 16. a3 Rfd8 17. b4 Qb8 18. Qb3 Bf8 19. Rac1 Ba6 20. a4 Bb7 21.
Rb1 Qc7 22. Rbc1 Qb8 1/2-1/2

[Event "Open Marianske Lazne 2018 - D"]
[Site "Marianske Lazne (CZE)"]
[Date "2018.01.21"]
[Round "2"]
[White "Kalveus, Jan"]
[Black "Schneider, Alexander"]
[Result "1/2-1/2"]
[WhiteElo "1826"]
[BlackElo "2088"]
[PlyCount "49"]
[EventDate "2018.01.20"]

1. d4 d5 2. Nf3 Nf6 3. c4 c6 4. Nc3 e6 5. e3 Bd6 6. Bd3 O-O 7. O-O Nbd7 8. Qc2
dxc4 9. Bxc4 e5 10. Rd1 Qc7 11. Bb3 exd4 12. exd4 h6 13. h3 Re8 14. Bxh6 Nf8
15. Bg5 N8h7 16. Bh4 Bf4 17. Re1 Bd7 18. Ne2 Bd6 19. Bg3 Be6 20. Bxd6 Qxd6 21.
Bxe6 Rxe6 22. Ng3 Nd5 23. Rxe6 Qxe6 24. Qe4 Qd6 25. Re1 1/2-1/2

[Event "Open Marianske Lazne 2018 - D"]
[Site "Marianske Lazne (CZE)"]
[Date "2018.01.21"]
[Round "2"]
[White "Horyna, Josef"]
[Black "Jeute, Peter"]
[Result "1/2-1/2"]
[WhiteElo "1776"]
[BlackElo "1946"]
[PlyCount "42"]
[EventDate "2018.01.20"]

1. d4 d5 2. Nf3 Nf6 3. Bf4 c5 4. c3 cxd4 5. cxd4 Qb6 6. Qb3 Qxb3 7. axb3 Nc6 8.
e3 Bd7 9. Nc3 Nb4 10. Kd2 e6 11. Ne5 Be7 12. f3 O-O 13. g4 Bc6 14. h4 Nd7 15.
h5 Nxe5 16. Bxe5 a6 17. h6 g6 18. Bg7 Rfe8 19. f4 f5 20. Rg1 Bf8 21. Bxf8 Rxf8
1/2-1/2

[Event "Open Marianske Lazne 2018 - A + B"]
[Site "?"]
[Date "2018.01.21"]
[Round "2"]
[White "Kulkarni, Bhakti"]
[Black "Lizak, Peter"]
[Result "1/2-1/2"]
[WhiteElo "2306"]
[BlackElo "2458"]
[PlyCount "67"]
[EventDate "2018.??.??"]

1. d4 e6 2. c4 b6 3. Nc3 Bb7 4. e4 Bb4 5. d5 exd5 6. cxd5 Qe7 7. Qe2 Nf6 8. f3
c6 9. dxc6 Nxc6 10. Bd2 O-O 11. O-O-O a5 12. g4 Ba6 13. Qg2 Bxf1 14. Qxf1 Bxc3
15. Bxc3 Nb4 16. Ne2 Rfc8 17. a3 Qe6 18. Kd2 Nc6 19. Ke1 Qb3 20. g5 Ne8 21. Kf2
Nc7 22. Rxd7 Ne6 23. Qd1 Qc4 24. Qd5 Qa4 25. Nf4 Qc2+ 26. Kg3 Ncd8 27. Nxe6
Nxe6 28. Rd1 Rf8 29. Qxe6 Qxd1 30. Qe5 Qg1+ 31. Kh3 Qf1+ 32. Kg3 Qg1+ 33. Kh3
Qf1+ 34. Kg3 1/2-1/2

[Event "Open Marianske Lazne 2018 - A + B"]
[Site "?"]
[Date "2018.01.21"]
[Round "2"]
[White "Miesbauer, Jan"]
[Black "Popov, Mikhail"]
[Result "1-0"]
[WhiteElo "2276"]
[BlackElo "2416"]
[PlyCount "77"]
[EventDate "2018.??.??"]

1. e4 c6 2. d4 d5 3. e5 Bf5 4. Nf3 e6 5. Be2 Ne7 6. O-O h6 7. Nbd2 Nd7 8. Nb3
g5 9. Be3 Qc7 10. a4 Bg7 11. a5 a6 12. Rc1 O-O-O 13. Bd2 Ng6 14. Ne1 h5 15.
Bxg5 f6 16. exf6 Bxf6 17. f4 Rdg8 18. Bd3 Ne7 19. Qd2 h4 20. Nf3 Bg4 21. Rce1
Bxf3 22. Rxf3 Bxg5 23. fxg5 e5 24. Rf7 Qd6 25. dxe5 Nxe5 26. Rf6 Qxf6 27. gxf6
Nf3+ 28. Kf2 Nxd2 29. Nxd2 Rf8 30. Rxe7 Rxf6+ 31. Nf3 h3 32. g4 Rf4 33. Bf5+
Kb8 34. b3 Rb4 35. Kg3 Rb5 36. g5 d4 37. Bd3 Rxa5 38. g6 Rah5 39. g7 1-0

[Event "Open Marianske Lazne 2018 - A + B"]
[Site "?"]
[Date "2018.01.21"]
[Round "2"]
[White "Chernyshov, Konstantin"]
[Black "Liu, Yi"]
[Result "1/2-1/2"]
[WhiteElo "2480"]
[BlackElo "2337"]
[PlyCount "102"]
[EventDate "2018.??.??"]

1. c4 e6 2. Nf3 d5 3. e3 Nf6 4. b3 Be7 5. Bb2 O-O 6. Be2 c5 7. O-O Nc6 8. cxd5
Nxd5 9. d4 cxd4 10. Nxd4 Nxd4 11. Bxd4 b6 12. Nd2 Bb7 13. Bf3 Bf6 14. Nc4 Nc3
15. Bxc3 Qxd1 16. Rfxd1 Bxf3 17. gxf3 Bxc3 18. Rac1 Bf6 19. Nd6 Rfd8 20. Ne4
Kf8 21. Nxf6 gxf6 22. Rxd8+ Rxd8 23. Rc7 a5 24. Rc6 Rb8 25. Kf1 Ke8 26. Rc7 Rd8
27. Rb7 Rd6 28. f4 f5 29. Ke2 Kf8 30. a3 Kg7 31. b4 axb4 32. axb4 Kg6 33. b5 f6
34. Kf3 h6 35. Kg3 Kh5 36. Re7 Kg6 37. h4 Kh5 38. f3 Kg6 39. e4 fxe4 40. fxe4
Kh5 41. e5 Rd3+ 42. Kf2 fxe5 43. fxe5 Kxh4 44. Rxe6 Kg5 45. Rxb6 Rb3 46. Ke2 h5
47. Rb8 Kf5 48. Kd2 Kxe5 49. Kc2 Rg3 50. Rc8 Kd6 51. b6 Rg7 1/2-1/2